Legal Aspects of Operating E-shops in the Slovak Republic

Elektronické podnikanie a elektronický obchod. Princípy fungovania e-shopov. Právny rámec prevádzkovania eshopov a ich povinná dokumentácia. Obmedzenia, spojené s právnou úpravou prevádzkovania eshopov v Slovenskej republike.

Na minha lista:
Detalhes bibliográficos
Autor principal: Žák, Štefan, 1971-
Outros Autores: Hasprová, Mária, 1970-
Formato: Capítulo de Livro
Idioma:inglês
Assuntos:
Tags: Adicionar Tag
Sem tags, seja o primeiro a adicionar uma tag!

MARC

LEADER 00000naa$a2200000$$$4500
001 0288242
005 20240502083920.8
041 0 |a eng 
044 |a CZ 
245 1 0 |a Legal Aspects of Operating E-shops in the Slovak Republic  |c Štefan Žák, Mária Hasprová 
520 |a Elektronické podnikanie a elektronický obchod. Princípy fungovania e-shopov. Právny rámec prevádzkovania eshopov a ich povinná dokumentácia. Obmedzenia, spojené s právnou úpravou prevádzkovania eshopov v Slovenskej republike. 
610 2 0 |a obchod elektronický 
610 2 0 |a ochrana údajov osobných 
610 2 0 |a Slovensko 
610 2 0 |a právo 
610 2 0 |a legislatíva 
610 2 0 |a zákony 
100 1 |a Žák, Štefan, 1971- 
700 1 |a Hasprová, Mária, 1970-